000 00999cam a22003017a 4500
003 CHAP
005 20220817041841.0
008 971013s r 00010 d
010 _a26468
011 _a27440
035 _a31541
040 _cCHAP
090 _aR-2298
100 0 0 _aKaiser, Walter J.
_962607
245 0 _aImportant diseases and pest of bean (Phaseolus vulgaris), lima bean (Phaseolus lunatus) and pigein pea (Cajanus cajans) in Africa
500 _aSobretiro de : African Journal Plant : Protection 1 : 97-102, 1976
590 _aBATCH-UPD
_b10
_c20130110
_lUCH01
_h0319
590 _aBATCH-UPD
_b10
_c20130110
_lUCH01
_h1450
590 _aCONVERSION
_b10
_c20130109
_lUCH01
_h1315
650 1 4 _aCajanus indicus.
650 1 4 _aFrijol lima
_xEnfermedades.
_943470
650 1 4 _aFrijol lima
_xPlagas.
_943473
650 1 4 _aFrijol
_xEnfermedades.
_943367
650 1 4 _aFrijol
_xPlagas.
_943415
901 _aBK
942 _cREIMP
949 _aR-2298
_bBC
_cR
_d-73010
_eTS1
_i31541
_si
999 _c26468
_d26468